[Event "Barcelona La Lira op 39th"]
[Site "Barcelona"]
[Date "2023.03.10"]
[Round "8"]
[White "Creixans Comerma, Pol"]
[Black "Villar Reymundo, Juan Antonio"]
[Result "1/2-1/2"]
[WhiteElo "1928"]
[BlackElo "2065"]
[PlyCount "58"]
[EventDate "2023.01.20"]
[EventType "swiss"]
[EventRounds "8"]
[EventCountry "ESP"]
[SourceTitle "CBM 213 Extra"]
[Source "ChessBase"]
[SourceDate "2023.05.31"]
[SourceVersion "1"]
[SourceVersionDate "2023.05.31"]
[SourceQuality "1"]

1. d4 c5 2. Nf3 cxd4 3. g3 e5 4. c3 dxc3 5. Nxc3 Nc6 6. e4 Bb4 7. Bc4 Nf6 8. 0-0 0-0 9. Bg5 Bxc3 10. bxc3 h6 11. Bxf6 Qxf6 12. Ne1 d6 13. Nc2 Bh3 14. Re1 Rac8 15. Ne3 Ne7 16. Qa4 a6 17. Qb4 b5 18. Be2 Rc5 19. a4 Rfc8 20. axb5 axb5 21. Ra6 Nc6 22. Qb2 Qd8 23. Rd1 Be6 24. Qd2 Qc7 25. Qxd6 Qxd6 26. Rxd6 Rxc3 27. Bxb5 Nd4 28. Bd7 Bxd7 29. Rxd7 R3c7 1/2-1/2

[Event "Barcelona Sant Marti op 10th"]
[Site "Barcelona"]
[Date "2023.03.02"]
[Round "8"]
[White "Villar Reymundo, Juan Antonio"]
[Black "Millaret Lores, Francesco"]
[Result "1-0"]
[WhiteElo "2065"]
[BlackElo "2090"]
[PlyCount "67"]
[EventDate "2023.01.12"]
[EventType "swiss"]
[EventRounds "9"]
[EventCountry "ESP"]
[SourceTitle "CBM 213 Extra"]
[Source "ChessBase"]
[SourceDate "2023.05.31"]
[SourceVersion "1"]
[SourceVersionDate "2023.05.31"]
[SourceQuality "1"]

1. e4 c5 2. Nf3 d6 3. d4 cxd4 4. Nxd4 Nf6 5. Nc3 a6 6. Rg1 e5 7. Nb3 Be6 8. g4 d5 9. exd5 Nxd5 10. Bg5 Qxg5 11. Nxd5 Bxd5 12. Qxd5 Nc6 13. Bc4 Qf4 14. Rg3 Nb4 15. Qxb7 Nxc2+ 16. Kd1 Rd8+ 17. Kxc2 Qxc4+ 18. Rc3 Qe2+ 19. Kb1 Qf1+ 20. Nc1 Bd6 21. Qc6+ Ke7 22. a3 Rb8 23. Rd3 Rbd8 24. Ka2 a5 25. Rb3 Rb8 26. Rd3 Rbd8 27. Qa6 Qxf2 28. Nb3 Bc7 29. Rc3 Bd6 30. Rf1 Qg2 31. Qa7+ Rd7 32. Rxf7+ Kxf7 33. Qxd7+ Be7 34. Qf5+ 1-0

[Event "Barcelona Sant Marti op 10th"]
[Site "Barcelona"]
[Date "2023.02.23"]
[Round "7"]
[White "Munoz Pantoja, Miguel Angel"]
[Black "Villar Reymundo, Juan Antonio"]
[Result "1/2-1/2"]
[WhiteElo "2359"]
[BlackElo "2065"]
[PlyCount "24"]
[EventDate "2023.01.12"]
[EventType "swiss"]
[EventRounds "9"]
[EventCountry "ESP"]
[SourceTitle "CBM 213 Extra"]
[Source "ChessBase"]
[SourceDate "2023.05.31"]
[SourceVersion "1"]
[SourceVersionDate "2023.05.31"]
[SourceQuality "1"]

1. e4 d6 2. g3 d5 3. Bg2 dxe4 4. Nc3 Nf6 5. Nxe4 Nxe4 6. Bxe4 e5 7. d3 Bc5 8. Qh5 Qd6 9. Nf3 Nd7 10. Ng5 Qf6 11. 0-0 g6 12. Qe2 h6 1/2-1/2

[Event "Sitges Sunway op 9th"]
[Site "Sitges"]
[Date "2022.12.12"]
[Round "1"]
[White "Tin, Jingyao"]
[Black "Villar Reymundo, Juan Antonio"]
[Result "1-0"]
[WhiteElo "2562"]
[BlackElo "2135"]
[PlyCount "59"]
[EventDate "2022.12.12"]
[EventType "swiss"]
[EventRounds "10"]
[EventCountry "ESP"]
[SourceTitle "CBM 211 Extra"]
[Source "ChessBase"]
[SourceDate "2023.01.31"]
[SourceVersion "1"]
[SourceVersionDate "2023.01.31"]
[SourceQuality "1"]

1. c4 e5 2. g3 d6 3. Bg2 f5 4. Nc3 Nf6 5. e3 g6 6. Nge2 Bg7 7. 0-0 a5 8. d3 Na6 9. b3 c6 10. a3 Nc7 11. Rb1 Be6 12. b4 axb4 13. Rxb4 Bc8 14. Na4 Ra7 15. Rb1 0-0 16. Nb6 Be6 17. a4 Bf7 18. Bd2 d5 19. Qc2 Re8 20. cxd5 Nfxd5 21. Nxd5 Bxd5 22. e4 Bf7 23. Be3 Ra6 24. Rxb7 Ne6 25. exf5 gxf5 26. Bxc6 Re7 27. Rfb1 Rxb7 28. Bxb7 Rd6 29. Qc8 Rxd3 30. a5 1-0

[Event "Benidorm Bali op-A"]
[Site "Benidorm"]
[Date "2022.12.06"]
[Round "4"]
[White "Luque Saiz, Andres"]
[Black "Villar Reymundo, Juan Antonio"]
[Result "1-0"]
[WhiteElo "2286"]
[BlackElo "2135"]
[PlyCount "107"]
[EventDate "2022.12.03"]
[EventType "swiss"]
[EventRounds "9"]
[EventCountry "ESP"]
[SourceTitle "CBM 211 Extra"]
[Source "ChessBase"]
[SourceDate "2023.01.31"]
[SourceVersion "1"]
[SourceVersionDate "2023.01.31"]
[SourceQuality "1"]

1. e4 Nf6 2. e5 Nd5 3. d4 d6 4. c4 Nb6 5. exd6 exd6 6. Nc3 Be7 7. Bd3 0-0 8. Nge2 c6 9. 0-0 Na6 10. d5 cxd5 11. cxd5 Nc5 12. Bc2 Bg4 13. Rb1 Rc8 14. Bf4 Bg5 15. f3 Bh5 16. Bf5 Bg6 17. Bxg6 hxg6 18. b4 Bxf4 19. Nxf4 Ncd7 20. Ne4 Nf6 21. Qd3 Re8 22. Rbc1 Rxc1 23. Rxc1 Re5 24. Nc3 g5 25. Nh3 Nbxd5 26. a3 g4 27. fxg4 Nxc3 28. Qxc3 Nxg4 29. Qf3 Qe7 30. Qc3 Re3 31. Qc8+ Kh7 32. Rf1 Re1 33. Qxg4 Qe3+ 34. Nf2 Qc1 35. Qe4+ Rxe4 36. Rxc1 Re3 37. Ra1 Kg6 38. Nd1 Re2 39. Nc3 Rd2 40. Rd1 Rxd1+ 41. Nxd1 Kf5 42. Kf2 Ke4 43. Ke2 Kd4 44. Kd2 f5 45. h4 g6 46. Ne3 d5 47. h5 gxh5 48. Nxf5+ Kc4 49. Kc2 d4 50. Ng7 d3+ 51. Kd2 h4 52. Nf5 Kb3 53. Nxh4 Kxa3 54. g4 1-0

[Event "Barcelona Vila de Grаcia op 16th"]
[Site "Barcelona"]
[Date "2022.11.04"]
[Round "6"]
[White "Villar Reymundo, Juan Antonio"]
[Black "Alcala Gonzalez, Cesar"]
[Result "0-1"]
[WhiteElo "2096"]
[BlackElo "2279"]
[PlyCount "48"]
[EventDate "2022.09.30"]
[EventType "swiss"]
[EventRounds "9"]
[EventCountry "ESP"]
[SourceTitle "EXT 2024"]
[Source "ChessBase"]
[SourceDate "2023.10.10"]
[SourceVersion "1"]
[SourceVersionDate "2023.10.10"]
[SourceQuality "1"]

1. Nf3 d5 2. c4 c6 3. b3 Bf5 4. g3 Nf6 5. Bb2 Nbd7 6. Bg2 e6 7. 0-0 Bd6 8. d3 0-0 9. Nbd2 Qe7 10. Qc2 h6 11. a3 a5 12. Nd4 Bg6 13. e4 dxe4 14. dxe4 Rfd8 15. Rfe1 Bc5 16. h3 Qd6 17. Ne2 Ne5 18. Red1 Nd3 19. Nf1 Nxe4 20. Nf4 Nexf2 21. Kh2 Nxd1 22. Nxg6 N3xb2 23. Nf4 Qd4 24. Ne2 Qd3 0-1

[Event "Barcelona IM 19th"]
[Site "Barcelona"]
[Date "2021.08.02"]
[Round "6"]
[White "Villar Reymundo, Juan Antonio"]
[Black "Benedetti, Julio"]
[Result "1-0"]
[WhiteElo "2131"]
[BlackElo "2290"]
[PlyCount "71"]
[EventDate "2021.07.28"]
[EventType "tourn"]
[EventRounds "9"]
[EventCountry "ESP"]
[EventCategory "1"]
[SourceTitle "CBM 203 Extra"]
[Source "ChessBase"]
[SourceDate "2021.09.30"]
[SourceVersion "1"]
[SourceVersionDate "2021.09.30"]
[SourceQuality "1"]

1. Nf3 d5 2. g3 Nf6 3. Bg2 b5 4. 0-0 e6 5. d3 Bb7 6. c4 bxc4 7. dxc4 c6 8. Nc3 Be7 9. e4 0-0 10. exd5 cxd5 11. Nd4 Na6 12. Ndb5 Nc5 13. cxd5 Nxd5 14. Nxd5 Bxd5 15. Bxd5 exd5 16. Be3 Ne6 17. Qd2 Qd7 18. Nd4 Bf6 19. Rfd1 Rab8 20. Rac1 Rfc8 21. b3 h6 22. h4 Nf8 23. Ne2 Qg4 24. Bxa7 Ra8 25. Rxc8 Rxc8 26. Nf4 d4 27. Qe2 Qd7 28. Bb6 g5 29. hxg5 hxg5 30. Nh5 Bh8 31. a4 Ne6 32. Qf3 Qd6 33. a5 Rc3 34. Qxc3 Qd5 35. Qd3 Be5 36. Re1 1-0

[Event "Barcelona IM-B 5th"]
[Site "Barcelona"]
[Date "2021.07.10"]
[Round "6"]
[White "Jul Perez, Alberto"]
[Black "Villar Reymundo, Juan Antonio"]
[Result "0-1"]
[WhiteElo "2050"]
[BlackElo "2131"]
[PlyCount "74"]
[EventDate "2021.07.06"]
[EventType "tourn"]
[EventRounds "9"]
[EventCountry "ESP"]
[EventCategory "1"]
[SourceTitle "CBM 203 Extra"]
[Source "ChessBase"]
[SourceDate "2021.09.30"]
[SourceVersion "1"]
[SourceVersionDate "2021.09.30"]
[SourceQuality "1"]

1. e4 c5 2. Nf3 Nc6 3. d4 cxd4 4. Nxd4 Nf6 5. Nc3 d6 6. Be2 e5 7. Nb3 Be7 8. 0-0 0-0 9. Be3 a5 10. Kh1 Be6 11. f4 a4 12. Nd2 exf4 13. Bxf4 Ne5 14. Nf3 Ng6 15. Be3 a3 16. b3 Qa5 17. Qd3 Ne5 18. Nxe5 dxe5 19. Bg5 Rac8 20. Nd5 Bxd5 21. exd5 Nxd5 22. Bd2 Bb4 23. Bg5 Nc3 24. Bg4 e4 25. Qh3 Rc6 26. Rf5 Qc7 27. Be3 Bc5 28. Bf4 Bd6 29. Be3 Be5 30. Rh5 h6 31. Bd2 Nd5 32. Rd1 Nf6 33. Rf5 Rd8 34. c4 Rcd6 35. Rxe5 Rxd2 36. Rxd2 Rxd2 37. Qc3 Rd3 0-1

[Event "Barcelona IM-B 5th"]
[Site "Barcelona"]
[Date "2021.07.09"]
[Round "5"]
[White "Villar Reymundo, Juan Antonio"]
[Black "Djidjeli, Sarah"]
[Result "1-0"]
[WhiteElo "2131"]
[BlackElo "2107"]
[PlyCount "59"]
[EventDate "2021.07.06"]
[EventType "tourn"]
[EventRounds "9"]
[EventCountry "ESP"]
[EventCategory "1"]
[SourceTitle "CBM 203 Extra"]
[Source "ChessBase"]
[SourceDate "2021.09.30"]
[SourceVersion "1"]
[SourceVersionDate "2021.09.30"]
[SourceQuality "1"]

1. Nf3 d5 2. d4 e6 3. g3 Nf6 4. Bg2 Be7 5. c4 dxc4 6. Qc2 a6 7. a4 0-0 8. 0-0 b6 9. Ne5 Ra7 10. Rd1 Bb7 11. e4 Nc6 12. Nxc6 Bxc6 13. b3 Qa8 14. f3 cxb3 15. Qxb3 Qb8 16. Be3 Ba8 17. Nd2 c5 18. Nc4 Rb7 19. Bf4 Qd8 20. Ne5 cxd4 21. Nc6 Qd7 22. Nxe7+ Qxe7 23. Be5 Nd7 24. Bxd4 e5 25. Be3 Nc5 26. Qb2 Rbb8 27. a5 bxa5 28. Qa3 Rb4 29. Bf1 h6 30. Ra2 1-0